000 00626nam a22002417a 4500
003 OSt
005 20220924113709.0
006 a|||||r|||| 00| 0
007 ta
008 Pun
024 _a12022
037 _cGeneral Books
040 _aARTS
_cARTS
_bPun
041 _2Pun
_aPun
082 _aO153,2NPA1,MA, K9
100 _aਨਨਕਾਣਵੀ, ਪਾਂਧੀ
245 0 _aਮਛੇਰੇ
260 _c1969
300 _ap.
650 _aਪੰਜਾਬੀ ਸਾਹਿਤ
942 _hO153,2NPA1,MA, K9
_cGB
_2CC
999 _c390503
_d390503